| 000 | 00966cam a2200301 i 4500 | ||
|---|---|---|---|
| 001 | 4661997 | ||
| 003 | OSt | ||
| 005 | 20180116183025.0 | ||
| 008 | 801021s1981 nyub 000 1 eng | ||
| 010 | _a 80006022 | ||
| 020 | _a0394517482 | ||
| 040 |
_aDLC _cDLC _dDLC |
||
| 050 | 0 | 0 |
_aPS3569.M5377 _bG6 |
| 082 | 0 | 0 |
_a813.54 SMI 1981 _219 |
| 100 | 1 |
_aSmith, Martin Cruz, _d1942- |
|
| 245 | 1 | 0 |
_aGorky Park _cMartin Cruz Smith. |
| 250 | _a1st ed. | ||
| 260 |
_aNew York : _bRandom House, _cc1981. |
||
| 300 |
_a365 p. : _bmap ; _c24 cm. |
||
| 440 | _aGorky Park | ||
| 650 | 0 |
_aRenko, Arkady (Fictitious character) _xFiction. |
|
| 650 | 0 |
_aPolice _zRussia (Federation) _zMoscow _xFiction. |
|
| 651 | 0 |
_aMoscow (Russia) _xFiction. |
|
| 655 | 7 |
_aDetective and mystery stories. _2gsafd |
|
| 856 | 4 | 2 |
_3Publisher description _uhttp://www.loc.gov/catdir/enhancements/fy0703/80006022-d.html |
| 906 |
_a7 _bcbc _corignew _du _eocip _f19 _gy-gencatlg |
||
| 942 |
_2ddc _cBK |
||
| 999 |
_c350752 _d350752 |
||